Macmillan Mathematics. (Record no. 11526)
[ view plain ]
| 000 -LEADER | |
|---|---|
| fixed length control field | 00279cam a22001091 4500 |
| 040 ## - CATALOGING SOURCE | |
| Transcribing agency | Macmillan Publishing company |
| 082 ## - DEWEY DECIMAL CLASSIFICATION NUMBER | |
| Classification number | 510 MAC 1987 A030 Or. |
| 100 1# - MAIN ENTRY--AUTHOR NAME | |
| Personal name | Thoburn, Tina. |
| 245 00 - TITLE STATEMENT | |
| Title | Macmillan Mathematics. |
| 260 0# - PUBLICATION, DISTRIBUTION, ETC. (IMPRINT) | |
| Place of publication | New York, NY : |
| Name of publisher | Macmillan, |
| Year of publication | c1987. |
| 942 ## - ADDED ENTRY ELEMENTS (KOHA) | |
| Koha item type | សៀវភៅភាសាអង់គ្លេស |
| 952 ## - LOCATION AND ITEM INFORMATION (KOHA) | |
| Withdrawn status [LOCAL, KOHA] | 0 |
| Permanent Location | Date acquired | Koha item type | Lost status | Shelving location | Barcode | Current Location | Full call number |
|---|---|---|---|---|---|---|---|
| Library Block A | 2017-08-03 | សៀវភៅភាសាអង់គ្លេស | A030 | A09890 | Library Block A | 510 MAC 1987 A030 Or. |